Quizzes
Events
Quiz Creation
Community
Videos
Private Events
Remove Ads
Sign In
Join for FREE
Feedback
Dark Mode
Quiz Categories
Sports
Geography
Music
Movies
Television
Just For Fun
Miscellaneous
History
Literature
Language
Science
Gaming
Entertainment
Religion
Holiday
For Kids
Quiz Lab
Recent
Popular Today
Quiz Kudos Today
Editor Picks
Curator Picks
Quizzes by...
Day
Popularity
Type
Ratings
Length
Year
Community
Subscriptions
Recent Discussions
Orange Saloon
Badges
Playlists
Quests
Create
Leaderboards
Showdown
Live 5
Trivia Bingo
Activity
Puzzle Library
Sporcle Events
Private Events
Virtual Trivia
Globe League
Become a Host
Pub Owners
SporcleCon
Opinionation
Our Games
Videos
Blog
Mobile Apps
Partnerships
Remove Ads and Go Orange
Feedback
Sports
Athletes
MLB
NBA
NHL
NFL
Soccer
Sports Teams
WWE
NCAA
Football
Premier League
Basketball
Baseball
Hockey
Golf
Tennis
Cricket
Rugby
Auto Racing
Olympics
World Cup
Sports
Athletes
MLB
NBA
NHL
NFL
Soccer
Sports Teams
WWE
NCAA
Football
Premier League
Basketball
Baseball
Hockey
Golf
Tennis
Cricket
Rugby
Auto Racing
Olympics
World Cup
Random Quiz
Search Sporcle
×
Quiz Lab
Quiz Lab
Sports
Basketball
Type in answers that appear in a list
Type in answers that appear in a list
Classic
Best Score? Go Orange.
All-NBA Teammates of the 2010s Stats
Can you name the All-NBA Teammates of the 2010s?
By
srg2000
2m
63 Questions
27.4K Plays
27,362 Plays
27,362 Plays
Comments
Comments
Give Quiz Kudos
Give Quiz Kudos
-
- Ratings
hide this ad
Replay
Link that replays current quiz
Next Quiz
Link to next quiz in quiz playlist
You Got
0%
They Got
Avg Score
82%
Avg Friend Score
Upgrade to see
Score Distribution
Jump to the score distribution portion of the page
Score
0/63
Timer
02:00
2
Plays Today
Year
Player
% Correct
2019-
20
LeBron James
99.6%
2010-
11
LeBron James
99.4%
2011-
12
LeBron James
99.4%
2012-
13
LeBron James
99.4%
2014-
15
LeBron James
99.4%
2010-
11
Kobe Bryant
99.1%
2011-
12
Kobe Bryant
99.1%
2012-
13
Kobe Bryant
99.1%
2010-
11
Kevin Durant
99%
2011-
12
Kevin Durant
99%
2012-
13
Kevin Durant
99%
2015-
16
Kevin Durant
99%
2018-
19
Kevin Durant
99%
2016-
17
Kevin Durant
98.9%
2017-
18
Kevin Durant
98.9%
2010-
11
Russell Westbrook
98.6%
2011-
12
Russell Westbrook
98.6%
2012-
13
Russell Westbrook
98.6%
2015-
16
Russell Westbrook
98.7%
2017-
18
Russell Westbrook
98.6%
2018-
19
Russell Westbrook
98.6%
2019-
20
Russell Westbrook
98.6%
2010-
11
Dwyane Wade
98%
2011-
12
Dwyane Wade
98%
2012-
13
Dwyane Wade
98%
2011-
12
Chris Paul
97.3%
2012-
13
Chris Paul
97.3%
2013-
14
Chris Paul
97.3%
2014-
15
Chris Paul
97.3%
2015-
16
Chris Paul
97.1%
2019-
20
James Harden
96.2%
2011-
12
Blake Griffin
96.1%
Year
Player
% Correct
2012-
13
Blake Griffin
96.1%
2013-
14
Blake Griffin
96.1%
2014-
15
Blake Griffin
96.1%
2018-
19
Stephen Curry
95.1%
2016-
17
Stephen Curry
95%
2017-
18
Stephen Curry
95%
2015-
16
Stephen Curry
94.1%
2014-
15
Stephen Curry
93.9%
2012-
13
Tim Duncan
93.6%
2013-
14
James Harden
93.6%
2010-
11
Pau Gasol
93%
2012-
13
Tony Parker
91.3%
2011-
12
Carmelo Anthony
91.1%
2015-
16
Klay Thompson
90.7%
2014-
15
Klay Thompson
90.6%
2013-
14
Damian Lillard
87.5%
2016-
17
Draymond Green
87.5%
2015-
16
Draymond Green
85.9%
2015-
16
Kawhi Leonard
83.3%
2014-
15
Kyrie Irving
82.2%
2014-
15
DeAndre Jordan
79.5%
2013-
14
LaMarcus Aldridge
79.2%
2015-
16
DeAndre Jordan
78.8%
2019-
20
Anthony Davis
78.4%
2015-
16
LaMarcus Aldridge
77.8%
2012-
13
Dwight Howard
75.6%
2013-
14
Dwight Howard
75.6%
2017-
18
Paul George
75.6%
2018-
19
Paul George
75.2%
2011-
12
Andrew Bynum
58.8%
2011-
12
Tyson Chandler
44.1%
Quiz Playlist
Details
Report
Send in Message
Add To Playlist
Classic:
Type in answers that appear in a list
Last Updated: Jul 11, 2019
Quiz Scoreboard
CHALLENGE
Sign Up to Join the Scoreboard
Show All
Scores
Hide
Comments
May contain spoilers
Recently Published
College Basketball Coaching Resumes
by pancakes188
Sports
9m
Billboard Blitz: Fleetwood Mac
by CooCooCachoo
Music
15s
Presidents Visiting Landmarks
by Hejman
History
7m
More to Explore
Quiz From the Vault
Featured Blog Post
Where Did the Easter Bunny Come From?
hide this ad
You Might Also Like...
Tags
Basketball Quiz
NBA Quiz
National Sports
Pro Sports
Top Sports
US Sports
Today's Top Quizzes in Sports
Browse Sports
hide this ad
Today's Top Quizzes in Basketball
Browse Basketball
Top Contributed Quizzes in Sports
1
2022 World Cup Stars
2
Les meilleurs buteurs des matchs entre le PSG et l’OM
3
FIFA Club World Cup Champions
4
Les entraîneurs de l'OM et du PSG au 21e siècle
5
Criteria MLB: Left Handed Sluggers
6
AFC Teams Reveal (Wrong Answers Minefield)
7
5-to-1: UK Sports Teams
8
5-to-1: FBS Animal Nicknames
9
2023 MLB Unique Player Accomplishments
10
Name the Premier League winners with different clubs
Explore More
Trending Topics
Harry Potter
Kpop
Marvel
NBA
Crossword
Disney
Anime
WWE
Country
Puzzle
Song
NFL
Soccer
Pokémon
The Office
hide this ad
More By:
srg2000
Quiz
Plays
Rating
Category
Featured
Created
All-NBA Teammates of the 2000s
94,331
4.68
Sports
Jul 16, 2015
All-NBA Teammates of the 2010s
27,362
4.74
Sports
Jul 16, 2015
All-NBA Teammates of the '90s
13,005
4.54
Sports
Jul 16, 2015
All-NBA Teammates of the '80s
10,968
4.73
Sports
Jul 12, 2015
NBA DPOY Winners
7,094
4.75
Sports
Sep 1, 2014
Go to Creator's Profile
Score Distribution
Quiz Creator Spotlight
srg2000
Follow
Send a Message
Quizzes Created
-
Created Quiz Play Count
-
More By This Creator
Popular Quizzes Today
1
Find the US States - No Outlines Minefield
2
Find the Countries of Europe - No Outlines Minefield
3
The Countries of the World
4
Find the US States
5
Risky Map Clicking: Biggest States A-Z
6
US States
7
Popular People in 1961
8
Movies - When Are They Set?
More Sports Quizzes
Quick Pick - Boston Celtics 50-Point Scorers
Quiz Lab
Trending Quizzes
Risky Map Clicking: Least Populous States A-Z
1-10 Letter G Words
1-10 Letter F Words
Risky Map Clicking: Next State Alphabetically
Risky Map Clicking: Biggest States A-Z
Recently Updated
Leaping Animals
pecheneg
Reality TV Shows (A-Z)
bhenderson79
Rickey Henderson's Hall of Fame Teammates
pecheneg
Champions League XIs: Arsenal
pecheneg
Quick Pick: Celebrities in WWE's Hall of Fame
aduchscher
A-Z Keypad Blitz II
pecheneg
Multiple Oscar Actors
pecheneg
Mystery Phrase Blitz: Oscar 'Best Actors'
pecheneg
F. Scott Fitzgerald Novels
LTH
Pick 3 Villains
ddd62291
Trending Topics
NBA
Kpop
Anime
Crossword
Harry Potter
Disney
Marvel
Pokémon
Country
The Office
Soccer
WWE
Puzzle
Song
NFL
Your Account Isn't Verified!
In order to create a playlist on Sporcle, you need to verify the email address you used during registration. Go to your
Sporcle Settings
to finish the process.
Report this User
Report this user for behavior that violates our
Community Guidelines
.
Details:
Send Report
Go to the Sporcle.com Mobile Site →
Comments